[Event "39th World U20 ch"]
[Site "Yerevan ARM"]
[Date "2000.09.26"]
[Round "8.9"]
[White "Svetuschin, Dumitru"]
[Black "Sargissian, Gabriel"]
[Result "0-1"]
[WhiteElo "2472"]
[BlackElo "2474"]
[EventDate "2000.09.18"]
[PlyCount "70"]

1.e4 c6 2.d4 d5 3.e5 Bf5 4.Nc3 e6 5.g4 Bg6 6.Nge2 Ne7 7.Nf4 c5 8.h4 cxd4 
9.Nb5 Nec6 10.h5 Be4 11.f3 a6 12.fxe4 axb5 13.exd5 exd5 14.Bg2 Nxe5 15.
Nxd5 Nbc6 16.h6 Qd6 17.Bf4 O-O-O 18.Qe2 Qe6 19.Nb6+ Kc7 20.Qxb5 g5 21.Bh2 
Bd6 22.O-O-O Qxa2 23.Rhf1 Rhe8 24.Bxe5 Rxe5 25.Nd5+ Kb8 26.Rxf7 Be7 27.Rf5
d3 28.Rxe5 Bb4 29.c3 Qa1+ 30.Kd2 Qxb2+ 31.Kxd3 Nxe5+ 32.Ke4 Qxg2+ 33.Kxe5 
Qg3+ 34.Kf5 Qf3+ 35.Kxg5 Rg8+ 0-1

[Event "39th World U20 ch"]
[Site "Yerevan ARM"]
[Date "2000.09.26"]
[Round "8.10"]
[White "Bunzmann, Dimitrij"]
[Black "Blehm, Pawel"]
[Result "1/2-1/2"]
[WhiteElo "2484"]
[BlackElo "2510"]
[EventDate "2000.09.18"]
[PlyCount "30"]

1.d4 Nf6 2.c4 g6 3.Nc3 Bg7 4.e4 d6 5.Nf3 O-O 6.Be2 e5 7.O-O Nc6 8.d5 Ne7 
9.b4 Nh5 10.Re1 f5 11.Ng5 Nf6 12.f3 c6 13.Kh1 h6 14.Ne6 Bxe6 15.dxe6 Qc7 
1/2-1/2

[Event "39th World U20 ch"]
[Site "Yerevan ARM"]
[Date "2000.09.26"]
[Round "8.13"]
[White "Solak, Dragan"]
[Black "Perelshteyn, Eugene"]
[Result "1-0"]
[WhiteElo "2490"]
[BlackElo "2424"]
[EventDate "2000.09.18"]
[PlyCount "107"]

1.c4 c5 2.g3 Nc6 3.Bg2 d6 4.Nc3 g6 5.e3 Bg7 6.Nge2 h5 7.d4 Bd7 8.b3 cxd4 
9.exd4 a6 10.d5 Ne5 11.h3 b5 12.cxb5 axb5 13.Nd4 Qa5 14.Bb2 b4 15.Nce2 Qa6
16.O-O Nd3 17.Ne6 Nxb2 18.Nxg7+ Kf8 19.Qd4 Nf6 20.Ne6+ fxe6 21.dxe6 Bb5 
22.Bxa8 Bxe2 23.Rfe1 Bb5 24.Be4 Nd3 25.Bxd3 Bxd3 26.Qxb4 Bf5 27.Rac1 Qa8 
28.Rc7 Bxh3 29.Qb7 Qxb7 30.Rxb7 Nd5 31.Rb8+ Kg7 32.Rxh8 Kxh8 33.a4 Kg7 34.
a5 Kf6 35.a6 Bxe6 36.Rc1 Nb6 37.Rc7 Bd5 38.f4 e6 39.b4 g5 40.fxg5+ Kxg5 
41.Rf7 e5 42.Rf8 e4 43.Rb8 Na4 44.a7 Kg4 45.Kf2 Nb2 46.b5 Nc4 47.a8=Q Bxa8
48.Rxa8 d5 49.Rd8 e3+ 50.Kg2 e2 51.Rg8+ Kf5 52.Kf2 e1=Q+ 53.Kxe1 Ke4 54.
Rg6 1-0

[Event "39th World U20 ch"]
[Site "Yerevan ARM"]
[Date "2000.09.26"]
[Round "8.14"]
[White "Halkias, Stelios"]
[Black "Mahjoob, Morteza"]
[Result "1-0"]
[WhiteElo "2502"]
[BlackElo "2337"]
[EventDate "2000.09.18"]
[PlyCount "70"]

1.d4 f5 2.Bg5 h6 3.Bh4 g5 4.e3 Nf6 5.Bg3 Bg7 6.Nc3 d6 7.h4 g4 8.Bc4 Nh5 9.
Nge2 c6 10.Qd2 b5 11.Bd3 e5 12.dxe5 dxe5 13.f3 b4 14.Nd1 Qf6 15.Bh2 gxf3 
16.gxf3 Qe7 17.Nf2 Be6 18.O-O-O Nd7 19.Rdg1 Rd8 20.Ng3 Nxg3 21.Rxg3 Bf6 
22.Rhg1 Nc5 23.Qe2 Nxd3+ 24.Nxd3 Bf7 25.f4 exf4 26.Nxf4 Qe5 27.Nd3 Qe4 28.
Rf1 Qc4 29.e4 Bxb2+ 30.Kxb2 Qxa2+ 31.Kc1 b3 32.exf5+ Kf8 33.f6 Rb8 34.Re3 
Qa3+ 35.Kd2 Rd8 1-0

[Event "39th World U20 ch"]
[Site "Yerevan ARM"]
[Date "2000.09.26"]
[Round "8.15"]
[White "Zhang Pengxiang"]
[Black "Wegener, Olaf"]
[Result "1-0"]
[WhiteElo "2525"]
[BlackElo "2336"]
[EventDate "2000.09.18"]
[PlyCount "67"]

1.e4 c5 2.Nf3 d6 3.d4 cxd4 4.Nxd4 Nf6 5.Nc3 a6 6.Bc4 e6 7.Bb3 b5 8.O-O Be7
9.Qf3 Qb6 10.Bg5 Qb7 11.Rfe1 O-O 12.Rad1 b4 13.Na4 Nbd7 14.c3 bxc3 15.Nxc3
Nc5 16.Bc2 h6 17.Bc1 Re8 18.Qg3 Kh8 19.b4 Ncd7 20.Ba4 Qc7 21.Nc6 Bf8 22.e5
dxe5 23.Nxe5 Nxe5 24.Bxe8 Nxe8 25.Qxe5 Qxe5 26.Rxe5 Bxb4 27.Bb2 Kg8 28.Nd5
Bd6 29.Nb6 Rb8 30.Nxc8 Rxc8 31.Ra5 Rc6 32.Rc1 Rxc1+ 33.Bxc1 Nc7 34.Be3 1-0

[Event "39th World U20 ch"]
[Site "Yerevan ARM"]
[Date "2000.09.26"]
[Round "8.16"]
[White "Lopez Martinez, Josep Manuel"]
[Black "Skytte, Rasmus"]
[Result "1-0"]
[WhiteElo "2477"]
[BlackElo "2323"]
[EventDate "2000.09.18"]
[PlyCount "59"]

1.d4 Nf6 2.Nf3 d5 3.c4 dxc4 4.Nc3 a6 5.e3 b5 6.a4 b4 7.Na2 a5 8.Bxc4 e6 9.
O-O Nbd7 10.Qe2 Bb7 11.Rd1 Bd6 12.b3 O-O 13.Bb2 Qe7 14.Ne5 c5 15.Nxd7 Nxd7
16.dxc5 Nxc5 17.Qg4 f6 18.Nc1 Rad8 19.Nd3 f5 20.Qh3 Nxd3 21.Rxd3 Be4 22.
Rdd1 Kh8 23.Rac1 Rfe8 24.Qh5 f4 25.exf4 Bxf4 26.Rxd8 Rxd8 27.Re1 Qb7 28.g3
Bg6 29.Qh4 Bc7 30.Qe7 1-0

[Event "39th World U20 ch"]
[Site "Yerevan ARM"]
[Date "2000.09.26"]
[Round "8.18"]
[White "Mateuta, Gabriel"]
[Black "Simutowe, Amon"]
[Result "0-1"]
[WhiteElo "2409"]
[BlackElo "2322"]
[EventDate "2000.09.18"]
[PlyCount "80"]

1.d4 Nf6 2.Nf3 g6 3.g3 Bg7 4.Bg2 O-O 5.O-O d5 6.Bf4 h6 7.c4 dxc4 8.Na3 Nc6
9.Nxc4 g5 10.Be5 Be6 11.Rc1 Nxe5 12.Nfxe5 c6 13.e3 Ne8 14.b3 Nd6 15.Nd3 
Qe8 16.f4 Rd8 17.Kh1 f5 18.Nc5 Bc8 19.Ne5 Kh7 20.b4 Nf7 21.Qb3 Nxe5 22.
fxe5 Qg6 23.Qc2 a6 24.g4 e6 25.Ne4 h5 26.gxh5 Qxh5 27.Nd6 g4 28.Qb3 Rxd6 
29.exd6 Rf6 30.Rc2 e5 31.dxe5 Rh6 32.Be4 fxe4 33.Qf7 Qh3 34.Rg2 Be6 35.Qf4
Qh5 36.Rd2 Bxe5 37.Qxe4+ Kg7 38.d7 Bxh2 39.Rf5 Qxf5 40.Qxf5 Bc7+ 0-1

[Event "39th World U20 ch"]
[Site "Yerevan ARM"]
[Date "2000.09.26"]
[Round "8.19"]
[White "De Vreugt, Dennis"]
[Black "Al-Sayed, Mohamad Naser"]
[Result "1-0"]
[WhiteElo "2511"]
[BlackElo "2370"]
[EventDate "2000.09.18"]
[PlyCount "41"]

1.e4 c5 2.Nf3 g6 3.d4 Bg7 4.d5 Nf6 5.Nc3 O-O 6.e5 Ng4 7.Ng5 d6 8.e6 Nh6 9.
h4 fxe6 10.h5 exd5 11.Nxh7 Bg4 12.Qxd5+ e6 13.Qxb7 Qa5 14.Bd2 Qb4 15.Qxa8 
Qxb2 16.Rb1 Qxc3 17.Bd3 Qe5+ 18.Qe4 Qxe4+ 19.Bxe4 Kxh7 20.hxg6+ Kg8 21.
Bxh6 1-0

[Event "39th World U20 ch"]
[Site "Yerevan ARM"]
[Date "2000.09.26"]
[Round "8.20"]
[White "Petrik, Tomas"]
[Black "Fedorchuk, Sergei"]
[Result "1-0"]
[WhiteElo "2289"]
[BlackElo "2408"]
[EventDate "2000.09.18"]
[PlyCount "97"]

1.e4 e5 2.Nf3 Nc6 3.Bb5 a6 4.Ba4 Nf6 5.O-O b5 6.Bb3 Bc5 7.Nxe5 Nxe5 8.d4 
Bxd4 9.Qxd4 d6 10.f4 Ng6 11.e5 dxe5 12.Qxd8+ Kxd8 13.fxe5 Nxe5 14.Bg5 Be6 
15.Bxe6 fxe6 16.Rxf6 gxf6 17.Bxf6+ Kd7 18.Bxe5 Rhf8 19.Nd2 c5 20.Re1 a5 
21.Ne4 Kc6 22.Bg3 Rf5 23.c4 bxc4 24.Nd6 Rd5 25.Nxc4 e5 26.Bxe5 Re8 27.
Nxa5+ Kb5 28.Bc3 Ra8 29.a4+ Kxa4 30.Nc4 Kb5 31.Ne3 Rd7 32.Ng4 Rf7 33.h3 
Rd8 34.Kh2 Rd5 35.Nf6 Rd6 36.Nh5 Kc4 37.Re3 Rf2 38.Kg3 Rc2 39.Nf4 Rd7 40.
Kf3 Kb3 41.g4 c4 42.Kg3 Rf7 43.Ne2 Ka2 44.h4 Rf1 45.Re7 Rd1 46.Bf6 Rd3+ 
47.Kf4 Kb1 48.Nc3+ Kc1 49.Re1+ 1-0

[Event "39th World U20 ch"]
[Site "Yerevan ARM"]
[Date "2000.09.26"]
[Round "8.21"]
[White "Kruger, Peter Helentus"]
[Black "Felgaer, Ruben"]
[Result "1-0"]
[WhiteElo "2085"]
[BlackElo "2390"]
[EventDate "2000.09.18"]
[PlyCount "101"]

1.e4 c5 2.b3 d6 3.Bb2 Nf6 4.Nc3 Nc6 5.Bb5 Bd7 6.Bxc6 Bxc6 7.Qe2 e5 8.f3 
Be7 9.Qf2 b5 10.Nge2 O-O 11.Ng3 Re8 12.Nf5 Bf8 13.g4 b4 14.Ne2 g6 15.Nfg3 
d5 16.g5 Nd7 17.h4 c4 18.h5 Qxg5 19.hxg6 fxg6 20.Qh2 Qe7 21.O-O-O Nf6 22.
Rdg1 Bg7 23.f4 h6 24.Nf5 gxf5 25.exf5 c3 26.dxc3 bxc3 27.Bxc3 d4 28.Bb4 
Qf7 29.Rxg7+ Qxg7 30.Rg1 Ng4 31.Qh3 h5 32.Ng3 Nf6 33.Qh2 Ng4 34.Qh4 Bf3 
35.Nxh5 Qh6 36.Bd2 e4 37.Rxg4+ Bxg4 38.Nf6+ Kg7 39.Nxe8+ Rxe8 40.Qxg4+ Kh8
41.f6 e3 42.Bb4 Qh7 43.f5 e2 44.Qxd4 Kg8 45.Qc4+ Qf7 46.Qg4+ Kh7 47.Qh4+ 
Kg8 48.Kb2 a6 49.Bd2 Rd8 50.Qg4+ Kh7 51.Qxe2 1-0

[Event "39th World U20 ch"]
[Site "Yerevan ARM"]
[Date "2000.09.26"]
[Round "8.24"]
[White "Varela, Gaston"]
[Black "Fontaine, Robert"]
[Result "0-1"]
[WhiteElo "2249"]
[BlackElo "2449"]
[EventDate "2000.09.18"]
[PlyCount "64"]

1.d4 d5 2.c4 c6 3.Nf3 Nf6 4.e3 a6 5.Nbd2 Bf5 6.Be2 e6 7.b3 Bd6 8.Bb2 Nbd7 
9.O-O O-O 10.Ne5 Ne4 11.Nxd7 Qxd7 12.Nxe4 Bxe4 13.Bd3 Bxd3 14.Qxd3 f5 15.
f3 Qc7 16.h3 Qf7 17.Qe2 Qg6 18.f4 Qh6 19.Qf3 Kh8 20.Bc1 Rg8 21.Kh1 Raf8 
22.Rg1 g5 23.fxg5 Rxg5 24.e4 fxe4 25.Bxg5 Qxg5 26.Qg4 Qxg4 27.hxg4 Bg3 28.
Rgc1 Bf2 29.Rd1 e3 30.Rac1 e2 31.Rg1 Bg3 32.Rb1 Rf4 0-1

[Event "39th World U20 ch"]
[Site "Yerevan ARM"]
[Date "2000.09.26"]
[Round "8.26"]
[White "Gagunashvili, Merab"]
[Black "Fernando, Diogo"]
[Result "1-0"]
[WhiteElo "2321"]
[BlackElo "2257"]
[EventDate "2000.09.18"]
[PlyCount "69"]

1.d4 d6 2.Nf3 f5 3.c4 Nf6 4.Nc3 g6 5.g3 Bg7 6.Bg2 O-O 7.O-O Nc6 8.d5 Ne5 
9.Nxe5 dxe5 10.c5 h6 11.e4 f4 12.gxf4 exf4 13.Bxf4 Nxe4 14.Be3 Nf6 15.Bd4 
Nh5 16.Bxg7 Nxg7 17.Qd4 Nf5 18.Qe4 Qe8 19.Rfe1 g5 20.Qe5 Qf7 21.Qxc7 Nh4 
22.Qg3 Bf5 23.Re2 Rae8 24.Rae1 Ng6 25.d6 e6 26.b4 Nf4 27.Rd2 Qg7 28.b5 
Nxg2 29.Kxg2 Qd7 30.Qe5 Bg4 31.Ne4 Bf3+ 32.Kg1 Bxe4 33.Qxe4 Rf5 34.c6 Qd8 
35.d7 1-0

[Event "39th World U20 ch"]
[Site "Yerevan ARM"]
[Date "2000.09.26"]
[Round "8.28"]
[White "Gombac, Jan"]
[Black "Ginzburg, Mikhail"]
[Result "1/2-1/2"]
[WhiteElo "2215"]
[BlackElo "2276"]
[EventDate "2000.09.18"]
[PlyCount "167"]

1.e4 e5 2.Nf3 Nc6 3.Bc4 Bc5 4.O-O Nf6 5.d3 d6 6.c3 O-O 7.a4 a6 8.Bg5 Qe7 
9.Nbd2 Be6 10.Re1 Ba7 11.a5 h6 12.Bh4 Kh7 13.Qc2 Kh8 14.Ba2 Bxa2 15.Rxa2 
Qe6 16.b4 g5 17.Bg3 Nh5 18.Nc4 Ne7 19.Qe2 Nf4 20.Bxf4 gxf4 21.d4 Ng6 22.
Rd2 f6 23.Nb2 Rg8 24.Qc4 Qd7 25.Nd3 Qg7 26.Qe6 exd4 27.cxd4 Ne5 28.Nh4 
Nf3+ 29.Kh1 Nxh4 30.Nxf4 Qg5 31.g3 Rae8 32.Qb3 Ng6 33.Nxg6+ Qxg6 34.Qf3 
Rg7 35.h4 Rge7 36.h5 Qg5 37.Rd3 c6 38.Ree3 Kg7 39.Qe2 Kh7 40.Kg2 Rg7 41.
Kh3 Reg8 42.f4 Qb5 43.e5 fxe5 44.fxe5 dxe5 45.Rxe5 Qc4 46.Qe4+ Kh8 47.Re6 
Qc1 48.Re3 Qf1+ 49.Kh2 Qf2+ 50.Kh1 Rf8 51.Rxh6+ Kg8 52.Qe6+ Qf7 53.Qxf7+ 
Rfxf7 54.Rd6 Re7 55.Rd8+ Kh7 56.Rxe7 Rxe7 57.d5 cxd5 58.Rxd5 Rg7 59.b5 Bb8
60.bxa6 bxa6 61.Rc5 Rd7 62.Rc6 Rd6 63.Rc8 Rd1+ 64.Kg2 Be5 65.Rc6 Rd6 66.
Rc5 Bd4 67.Rf5 Kh6 68.g4 Bc3 69.Rc5 Bb4 70.Re5 Rc6 71.Kf3 Kg7 72.Ke4 Rc4+ 
73.Kf5 Bc3 74.Rd5 Ra4 75.Rd7+ Kf8 76.h6 Rxa5+ 77.Kg6 Rc5 78.h7 Rc6+ 79.Kh5
a5 80.Rd8+ Kf7 81.h8=Q Bxh8 82.Rxh8 Ra6 83.Rh7+ Kg8 84.Rb7 1/2-1/2

[Event "39th World U20 ch"]
[Site "Yerevan ARM"]
[Date "2000.09.28"]
[Round "9.1"]
[White "Harikrishna, Pentala"]
[Black "Bruzon Batista, Lazaro"]
[Result "1/2-1/2"]
[WhiteElo "2500"]
[BlackElo "2534"]
[EventDate "2000.09.18"]
[PlyCount "51"]

1.d4 Nf6 2.c4 g6 3.g3 Bg7 4.Bg2 d5 5.cxd5 Nxd5 6.e4 Nb6 7.Ne2 O-O 8.O-O 
Nc6 9.d5 Na5 10.Qe1 Nac4 11.Nbc3 e6 12.b3 Ne5 13.Ba3 Re8 14.dxe6 Bxe6 15.
Rd1 Qc8 16.Nf4 Bd7 17.Nfd5 Nxd5 18.Nxd5 Bb5 19.Ne7+ Rxe7 20.Bxe7 Qe6 21.
Bc5 Qa6 22.Qd2 Bxf1 23.Bxf1 Qf6 24.Qf4 Qc6 25.Rd5 Qe6 26.Bg2 1/2-1/2

[Event "39th World U20 ch"]
[Site "Yerevan ARM"]
[Date "2000.09.28"]
[Round "9.2"]
[White "Sargissian, Gabriel"]
[Black "Miton, Kamil"]
[Result "0-1"]
[WhiteElo "2474"]
[BlackElo "2443"]
[EventDate "2000.09.18"]
[PlyCount "78"]

1.e4 c5 2.d3 g6 3.g3 Bg7 4.Bg2 Nc6 5.f4 e6 6.Nf3 Nge7 7.c3 b6 8.Na3 O-O 9.
O-O Ba6 10.Nc2 d5 11.e5 Nf5 12.Re1 Rc8 13.d4 cxd4 14.Ncxd4 Nfxd4 15.Nxd4 
Nb8 16.Bd2 Nc6 17.Be3 Qd7 18.Qd2 Na5 19.b3 Rc7 20.Rac1 Rfc8 21.g4 Bf8 22.
f5 Re8 23.Bh6 Ba3 24.Qg5 Bxc1 25.Rxc1 Qe7 26.f6 Qa3 27.Qh4 Nc6 28.Nf3 Be2 
29.b4 Nxb4 30.Rb1 Bxf3 31.Bxf3 Qxc3 32.Rb3 Qa1+ 33.Kf2 Rc2+ 34.Be2 Qxe5 
35.Re3 Qd4 36.Bg5 h5 37.Qg3 Qxg4 38.Qxg4 hxg4 39.h3 d4 0-1

[Event "39th World U20 ch"]
[Site "Yerevan ARM"]
[Date "2000.09.28"]
[Round "9.4"]
[White "Acs, Peter"]
[Black "Ghaem Maghami, Ehsan"]
[Result "0-1"]
[WhiteElo "2497"]
[BlackElo "2488"]
[EventDate "2000.09.18"]
[PlyCount "92"]

1.e4 c5 2.Nf3 e6 3.d4 cxd4 4.Nxd4 a6 5.Bd3 g6 6.c4 Bg7 7.Nb3 d6 8.O-O Nf6 
9.Nc3 O-O 10.Bg5 Nbd7 11.Qd2 Qc7 12.Rfd1 Re8 13.Be2 Bf8 14.Qf4 e5 15.Qh4 
Bg7 16.Rd2 b6 17.Rad1 Re6 18.Rc1 Re8 19.f3 Bb7 20.Be3 Rac8 21.Rcd1 Bf8 22.
Na1 Be7 23.Bg5 Bc6 24.Kh1 h5 25.Nc2 Kg7 26.Qg3 Bb7 27.h4 Qd8 28.Ne3 Kh7 
29.Rf1 Nc5 30.Ned5 Bxd5 31.cxd5 b5 32.a3 Nb3 33.Rd3 Nd4 34.Bd1 Nd7 35.Bxe7
Qxe7 36.f4 f5 37.fxe5 dxe5 38.d6 Qg7 39.exf5 Nxf5 40.Qh3 e4 41.Rd5 Re5 42.
Bb3 Rxd5 43.Bxd5 Qe5 44.Rxf5 gxf5 45.Bxe4 Rf8 46.Bc2 Kh6 0-1

[Event "39th World U20 ch"]
[Site "Yerevan ARM"]
[Date "2000.09.28"]
[Round "9.5"]
[White "Iliushin, Alexei"]
[Black "Asrian, Karen"]
[Result "1/2-1/2"]
[WhiteElo "2509"]
[BlackElo "2566"]
[EventDate "2000.09.18"]
[PlyCount "58"]

1.d4 d5 2.c4 e6 3.Nf3 Nf6 4.g3 Be7 5.Bg2 O-O 6.O-O c6 7.Nbd2 Nbd7 8.Qc2 b6
9.e4 Bb7 10.e5 Ne8 11.cxd5 cxd5 12.Re1 Rc8 13.Qa4 a5 14.Nf1 Ba6 15.Qd1 Nb8
16.h4 Bb4 17.Bd2 Qe7 18.a3 Bxd2 19.Qxd2 Nc7 20.Ne3 Nd7 21.Ng5 h6 22.Nh3 f5
23.h5 Rfd8 24.Nf4 Nf8 25.Rac1 Qd7 26.Bf3 Nh7 27.Bd1 Ng5 28.f3 Nb5 29.Rxc8 
Rxc8 1/2-1/2

[Event "39th World U20 ch"]
[Site "Yerevan ARM"]
[Date "2000.09.28"]
[Round "9.6"]
[White "Yakovenko, Dmitry"]
[Black "Ganguly, Surya Shekhar"]
[Result "1/2-1/2"]
[WhiteElo "2506"]
[BlackElo "2498"]
[EventDate "2000.09.18"]
[PlyCount "100"]

1.e4 e5 2.Nf3 Nc6 3.Bb5 a6 4.Ba4 Nf6 5.O-O b5 6.Bb3 Bc5 7.c3 d6 8.a4 Rb8 
9.d4 Bb6 10.Na3 O-O 11.axb5 axb5 12.Nxb5 Bg4 13.Re1 Bxf3 14.gxf3 Nh5 15.
Kh1 exd4 16.Nxd4 Nxd4 17.cxd4 c5 18.Rg1 cxd4 19.Bg5 Qe8 20.Qd3 Qe5 21.Rg4 
Nf6 22.Rg2 Nh5 23.Rag1 Kh8 24.f4 Nxf4 25.Bxf4 Qxf4 26.Rxg7 Rg8 27.Rxf7 
Rxg1+ 28.Kxg1 Rg8+ 29.Kf1 Qxh2 30.Qf3 Qh6 31.Qf6+ Qxf6 32.Rxf6 Rg6 33.Rf8+
Kg7 34.Rf7+ Kh8 35.Bc4 Bc5 36.Ke2 h5 37.Rb7 h4 38.Rb3 d3+ 39.Rxd3 Rf6 40.
f3 Rg6 41.Rd5 Kg7 42.Rh5 Rg2+ 43.Kd3 Rf2 44.Rxh4 Rxf3+ 45.Kd2 Be3+ 46.Ke2 
Rf4 47.Rh3 Bd4 48.b4 Rxe4+ 49.Kd3 Rf4 50.b5 Bc5 1/2-1/2

[Event "39th World U20 ch"]
[Site "Yerevan ARM"]
[Date "2000.09.28"]
[Round "9.7"]
[White "Gershon, Alik"]
[Black "Solak, Dragan"]
[Result "1/2-1/2"]
[WhiteElo "2502"]
[BlackElo "2490"]
[EventDate "2000.09.18"]
[PlyCount "105"]

1.e4 c5 2.Nf3 e6 3.d4 cxd4 4.Nxd4 a6 5.Bd3 Nc6 6.Nxc6 dxc6 7.Nd2 e5 8.Qh5 
Bd6 9.Nc4 Bc7 10.Bg5 Nf6 11.Qe2 h6 12.Bh4 Be6 13.O-O-O Qd7 14.Ne3 Qe7 15.
g4 g5 16.Bg3 O-O-O 17.Kb1 b5 18.f3 Nd7 19.c3 f6 20.Bc2 Qf7 21.b3 Nb6 22.
Bf2 Kb7 23.Rxd8 Rxd8 24.Rd1 Rxd1+ 25.Nxd1 Nc8 26.Nb2 Bb6 27.Nd3 Bxf2 28.
Qxf2 Kc7 29.h4 a5 30.h5 Qe7 31.Nc5 Nb6 32.a4 bxa4 33.Na6+ Kb7 34.Nc5+ Kc7 
35.Na6+ Kb7 36.Qc5 Qd8 37.Qxa5 Bxb3 38.Nc5+ Kb8 39.Qa6 Qc7 40.Bxb3 axb3 
41.Ne6 Qa7 42.Qxa7+ Kxa7 43.Nd8 Nc4 44.Nf7 Kb6 45.Nxh6 Kb5 46.Nf5 Ka4 47.
h6 Ka3 48.h7 b2 49.h8=Q Nd2+ 50.Kc2 b1=Q+ 51.Kxd2 Qb2+ 52.Kd3 Qb1+ 53.Kd2 
1/2-1/2

[Event "39th World U20 ch"]
[Site "Yerevan ARM"]
[Date "2000.09.28"]
[Round "9.8"]
[White "Izoria, Zviad"]
[Black "Jobava, Baadur"]
[Result "1/2-1/2"]
[WhiteElo "2450"]
[BlackElo "2480"]
[EventDate "2000.09.18"]
[PlyCount "149"]

1.d4 Nf6 2.Nf3 g6 3.c4 Bg7 4.g3 O-O 5.Bg2 d6 6.O-O c5 7.Nc3 Nc6 8.dxc5 
dxc5 9.Be3 Nd7 10.Qc1 Qa5 11.Bh6 Nf6 12.Bxg7 Kxg7 13.b3 Bg4 14.Qb2 Kg8 15.
Rac1 Rad8 16.h3 Bc8 17.Rfd1 Rxd1+ 18.Rxd1 Rd8 19.Nd5 Nxd5 20.cxd5 Nb4 21.
a3 Nxd5 22.Qd2 Qxd2 23.Rxd2 Rd6 24.Rc2 b6 25.b4 Nf6 26.bxc5 Rc6 27.Ne5 
Rxc5 28.Rxc5 bxc5 29.Nc6 c4 30.Kf1 Kf8 31.Nxa7 Bxh3 32.Bxh3 c3 33.Ke1 Ne4 
34.Kd1 Nxf2+ 35.Kc2 Nxh3 36.Kxc3 Ke8 37.Nc6 Ng5 38.Kd4 Kd7 39.Ne5+ Kd6 40.
Nc4+ Kc6 41.Ne5+ Kc7 42.a4 f6 43.Nc4 Kc6 44.Na5+ Kc7 45.Nc4 h5 46.e4 e6 
47.Na3 Kc6 48.Nb5 Nf7 49.Ke3 Kc5 50.Nc7 Kd6 51.Nb5+ Kd7 52.Nd4 Ne5 53.Nb3 
Kc6 54.a5 Ng4+ 55.Ke2 e5 56.a6 Kb6 57.Nc5 Ka7 58.Kf3 Nh6 59.Ke3 Kb6 60.Kf3
Nf7 61.Ke3 Nd6 62.Nd7+ Kxa6 63.Nxf6 Kb5 64.Nd7 Nf7 65.Nf8 g5 66.Nd7 Kc4 
67.Nf6 h4 68.gxh4 gxh4 69.Kf3 Ng5+ 70.Ke3 Kc3 71.Ng4 Nf7 72.Nh2 h3 73.Kf3 
Ng5+ 74.Kg4 Nxe4 75.Kxh3 1/2-1/2

[Event "39th World U20 ch"]
[Site "Yerevan ARM"]
[Date "2000.09.28"]
[Round "9.9"]
[White "Malakhov, Vladimir"]
[Black "Halkias, Stelios"]
[Result "1/2-1/2"]
[WhiteElo "2605"]
[BlackElo "2502"]
[EventDate "2000.09.18"]
[PlyCount "89"]

1.Nf3 c5 2.c4 Nc6 3.g3 e6 4.Bg2 Nf6 5.O-O Be7 6.d4 d5 7.cxd5 exd5 8.Nc3 
O-O 9.dxc5 Bxc5 10.Na4 Bd6 11.Be3 Re8 12.Rc1 h6 13.Bc5 Bc7 14.e3 Ne4 15.
Nd4 Ne5 16.Nb5 Bb8 17.Nbc3 Nxc5 18.Nxc5 Qb6 19.Nxd5 Qd8 20.Qb3 b6 21.Nf4 
Bg4 22.Bxa8 bxc5 23.f3 Bf5 24.e4 c4 25.Qc3 Bd7 26.Bd5 Qb6+ 27.Kg2 Bd6 28.
a3 Rb8 29.Rc2 Ba4 30.Rd2 Qc5 31.Ne2 Rb3 32.Qc1 Rd3 33.Nc3 Bd7 34.Rxd3 Nxd3
35.Qd2 Qc8 36.g4 h5 37.b3 Bf4 38.Qc2 hxg4 39.Bxc4 gxf3+ 40.Kh1 Ne5 41.Nd5 
Bg5 42.Qc3 Qb8 43.Rxf3 Nxf3 44.Qxf3 Qe5 45.a4 1/2-1/2

[Event "39th World U20 ch"]
[Site "Yerevan ARM"]
[Date "2000.09.28"]
[Round "9.10"]
[White "Bunzmann, Dimitrij"]
[Black "Zhang Pengxiang"]
[Result "1/2-1/2"]
[WhiteElo "2484"]
[BlackElo "2525"]
[EventDate "2000.09.18"]
[PlyCount "82"]

1.d4 Nf6 2.Nf3 c5 3.d5 b5 4.c4 e6 5.Bg5 exd5 6.cxd5 Qa5+ 7.Bd2 b4 8.e4 Ba6
9.Qc2 Bxf1 10.Rxf1 d6 11.Na3 Nbd7 12.Nc4 Qa6 13.Bf4 Be7 14.Nfd2 O-O 15.f3 
Nh5 16.Be3 f5 17.exf5 Nhf6 18.Bg5 Nxd5 19.Qe4 Bxg5 20.Qxd5+ Kh8 21.Nxd6 
Nb6 22.Nf7+ Rxf7 23.Qxf7 Qd3 24.Rf2 Nd5 25.Ne4 Be3 26.Rd1 Bxf2+ 27.Nxf2 
Qe3+ 28.Kf1 Nf6 29.Re1 Qd2 30.g4 h6 31.Re2 Qd6 32.Re6 Qd4 33.h4 Qxb2 34.
Kg2 Nd5 35.Re8+ Rxe8 36.Qxe8+ Kh7 37.g5 hxg5 38.hxg5 Qd2 39.Qh5+ Kg8 40.
Qe8+ Kh7 41.Qg6+ Kh8 1/2-1/2

[Event "39th World U20 ch"]
[Site "Yerevan ARM"]
[Date "2000.09.28"]
[Round "9.11"]
[White "Blehm, Pawel"]
[Black "Kozhukharov, Spas"]
[Result "1-0"]
[WhiteElo "2510"]
[BlackElo "2196"]
[EventDate "2000.09.18"]
[PlyCount "123"]

1.e4 c5 2.Nf3 d6 3.d4 Nf6 4.Nc3 cxd4 5.Nxd4 g6 6.Be3 Bg7 7.f3 Nc6 8.Qd2 
O-O 9.O-O-O d5 10.exd5 Nxd5 11.Nxc6 bxc6 12.Nxd5 cxd5 13.Qxd5 Qc7 14.Qc5 
Qb7 15.Qa3 Bf5 16.Bd3 Rfb8 17.b3 a5 18.Bxf5 gxf5 19.Qc5 a4 20.b4 a3 21.Rd3
Bb2+ 22.Kd1 Rd8 23.Qxf5 Rxd3+ 24.Qxd3 Qxb4 25.Ke2 Rc8 26.Rd1 Be5 27.Bh6 
Bd6 28.Kf1 Qb2 29.Qe4 Qb5+ 30.Kg1 Qh5 31.Rd5 Qxh2+ 32.Kf1 Qh1+ 33.Kf2 Kh8 
34.Bg7+ Kg8 35.Bh6 Rxc2+ 36.Qxc2 Qh4+ 37.Ke2 Qxh6 38.Qc8+ Kg7 39.Qg4+ Kf8 
40.Qc8+ Kg7 41.Qg4+ Kf8 42.Rg5 e6 43.Rg8+ Ke7 44.Qa4 Qf4 45.Qxf4 Bxf4 46.
Rg4 e5 47.g3 Bc1 48.Rc4 Bb2 49.Rh4 f5 50.Rxh7+ Kf6 51.Rh5 Kg6 52.g4 fxg4 
53.fxg4 Ba1 54.Kf3 Bb2 55.Ke4 Bc3 56.Rh8 Bb2 57.Ra8 Kf6 58.Kf3 Kg6 59.Kg3 
Bc1 60.Rc8 Bg5 61.Rc6+ Kf7 62.Kf3 1-0

[Event "39th World U20 ch"]
[Site "Yerevan ARM"]
[Date "2000.09.28"]
[Round "9.13"]
[White "Simutowe, Amon"]
[Black "Jenni, Florian"]
[Result "1/2-1/2"]
[WhiteElo "2322"]
[BlackElo "2440"]
[EventDate "2000.09.18"]
[PlyCount "184"]

1.d4 Nf6 2.c4 g6 3.Nc3 Bg7 4.Nf3 d6 5.e4 O-O 6.Be2 e5 7.Be3 exd4 8.Nxd4 
Re8 9.f3 c6 10.Qd2 d5 11.exd5 cxd5 12.O-O Nc6 13.Rfd1 Qe7 14.Bf2 Nxd4 15.
Bxd4 dxc4 16.Bxc4 Be6 17.Bf1 a6 18.Bb6 Nd7 19.Bf2 Ne5 20.Nd5 Bxd5 21.Qxd5 
Nc6 22.Qd7 Qb4 23.Qd2 Qa4 24.b3 Qa3 25.Rac1 Rad8 26.Qf4 Be5 27.Qg5 Rxd1 
28.Rxd1 Qxa2 29.f4 Bg7 30.Bc4 Qb2 31.Qg4 Qf6 32.Bh4 Qc3 33.Qd7 Qe3+ 34.Kh1
Rf8 35.Qxb7 Nd4 36.Be7 Re8 37.Bb4 Ne6 38.h3 Bf8 39.Qd7 Rd8 40.Qxd8 Nxd8 
41.Rxd8 Qc1+ 42.Kh2 Qxf4+ 43.Kg1 Qe3+ 44.Kf1 Qc1+ 45.Ke2 Qb2+ 46.Kd3 Qb1+ 
47.Ke3 Kg7 48.Rxf8 f5 49.Rf7+ Kh6 50.Bf8+ Kg5 51.Be7+ Kh6 52.h4 Qe4+ 53.
Kf2 Qf4+ 54.Ke2 Qe4+ 55.Kd1 Qd4+ 56.Kc2 Qf2+ 57.Kc3 Qe1+ 58.Kd4 Qf2+ 59.
Ke5 Qe3+ 60.Kd5 Qd2+ 61.Kc5 Qf2+ 62.Kc6 Qxg2+ 63.Kb6 Qe4 64.Bg5+ Kh5 65.
Re7 Qd4+ 66.Kxa6 Kg4 67.Rxh7 Qd6+ 68.Kb7 f4 69.Rf7 f3 70.Rf6 Qd7+ 71.Kb6 
f2 72.Kc5 Kg3 73.Rf4 Qa7+ 74.Kd6 Qb7 75.Ke6 Qg7 76.Rf7 Qd4 77.Rf6 Qa7 78.
Rf7 Qd4 79.Rf4 Qg7 80.Rf6 Qa7 81.Rxg6 Qh7 82.Rf6 Qe4+ 83.Kd6 Qd4+ 84.Ke7 
Qe4+ 85.Kf8 Qa8+ 86.Kg7 Qe8 87.Bf7 Qb5 88.Bc4 Qe8 89.Rf7 Qe5+ 90.Kh7 Qe8 
91.Rf6 Qh5+ 92.Kg7 Qe8 1/2-1/2

[Event "39th World U20 ch"]
[Site "Yerevan ARM"]
[Date "2000.09.28"]
[Round "9.14"]
[White "De Vreugt, Dennis"]
[Black "Senff, Martin"]
[Result "1-0"]
[WhiteElo "2511"]
[BlackElo "2354"]
[EventDate "2000.09.18"]
[PlyCount "79"]

1.e4 c5 2.Nf3 d6 3.d4 cxd4 4.Nxd4 Nf6 5.Nc3 a6 6.Be3 e5 7.Nb3 Be6 8.f3 h5 
9.Qd2 Nbd7 10.Nd5 Nxd5 11.exd5 Bf5 12.a4 g6 13.a5 Bg7 14.Ra4 Rc8 15.c3 Nc5
16.Nxc5 dxc5 17.Be2 O-O 18.O-O Bd7 19.Rc4 Qxa5 20.Rd1 b6 21.Rh4 b5 22.Bg5 
f6 23.Be3 Kf7 24.f4 e4 25.d6 Be6 26.f5 Bxf5 27.Qd5+ Be6 28.Qb7+ Kg8 29.
Rxe4 Bf7 30.d7 Rcd8 31.Qc6 Bb3 32.Rd2 Qa1+ 33.Kf2 f5 34.Re8 f4 35.Bxc5 f3 
36.Bxf3 Bc4 37.Re1 Qa5 38.Bxf8 Rxf8 39.d8=Q Rxd8 40.Rxd8+ 1-0

[Event "39th World U20 ch"]
[Site "Yerevan ARM"]
[Date "2000.09.28"]
[Round "9.15"]
[White "Saric, Ibro"]
[Black "Svetuschin, Dumitru"]
[Result "0-1"]
[WhiteElo "2345"]
[BlackElo "2472"]
[EventDate "2000.09.18"]
[PlyCount "62"]

1.e4 c6 2.Nc3 d5 3.Nf3 Bg4 4.h3 Bh5 5.exd5 cxd5 6.Bb5+ Nc6 7.g4 Bg6 8.Ne5 
Rc8 9.h4 f6 10.Nxg6 hxg6 11.d4 e6 12.Bd3 f5 13.Ne2 Rxh4 14.Rg1 Nf6 15.f3 
Kf7 16.c3 Bd6 17.Bf4 Bxf4 18.Nxf4 Rh2 19.Ne2 fxg4 20.fxg4 Ne4 21.Bxe4 dxe4
22.Qb3 Qe7 23.Qb5 Kg8 24.g5 Rf8 25.O-O-O a6 26.Qc4 Na5 27.Qa4 Qd8 28.Rde1 
Rff2 29.Qc2 Qd5 30.b3 Qf5 31.Kd1 Qf3 0-1

[Event "39th World U20 ch"]
[Site "Yerevan ARM"]
[Date "2000.09.28"]
[Round "9.16"]
[White "Berg, Emanuel"]
[Black "Kruger, Peter Helentus"]
[Result "1-0"]
[WhiteElo "2456"]
[BlackElo "2085"]
[EventDate "2000.09.18"]
[PlyCount "61"]

1.e4 c5 2.Nf3 Nc6 3.d4 cxd4 4.Nxd4 Nf6 5.Nc3 d6 6.Be3 a6 7.f3 e6 8.Qd2 Be7
9.O-O-O Qc7 10.g4 b5 11.Kb1 Nxd4 12.Bxd4 e5 13.Be3 b4 14.Ne2 a5 15.Ng3 g6 
16.g5 Nd7 17.h4 Rb8 18.h5 Nc5 19.hxg6 fxg6 20.Bc4 a4 21.f4 Bg4 22.fxe5 
dxe5 23.Rdf1 Be6 24.Qe2 Qd7 25.Bxc5 Bxc5 26.Bxe6 Qxe6 27.Rf6 Qd7 28.Rd1 
Bd4 29.Qc4 Rf8 30.Rdf1 Rxf6 31.Qg8+ 1-0